| Tag |
First Indicator |
Second Indicator |
Subfields |
| LEADER |
00000cam a2200000 a 4500 |
| 001 |
in00000752467 |
| 005 |
20151016163203.0 |
| 008 |
871211d19830900at af tb f00010 eng d |
| 020 |
|
|
|a 0858242915
|
| 035 |
|
|
|a (OCoLC)17222984
|
| 035 |
|
|
|9 ADJ4250AM
|
| 040 |
|
|
|a AFM
|c AFM
|d AGL
|d TXA
|d UtOrBLW
|
| 049 |
|
|
|a TXAT
|c [A11474714]
|
| 070 |
0 |
|
|a 292.9
|b N4 no.160
|
| 072 |
|
0 |
|a P200
|a M500
|
| 090 |
|
|
|a GB653
|b .R46 no. 160
|
| 100 |
1 |
|
|a Wilkinson, D. L.
|
| 245 |
1 |
0 |
|a Studies into the structure and motion of density currents /
|c by D.L. Wilkinson.
|
| 264 |
|
1 |
|a [Manly Vale, N.S.W., Australia] :
|b [University of New South Wales, Water Research Laboratory],
|c [1983]
|
| 300 |
|
|
|a i, 36 pages 18 unnumbered leaves of plates :
|b illustrations ;
|c 29 cm.
|
| 336 |
|
|
|a text
|b txt
|2 rdacontent
|
| 337 |
|
|
|a unmediated
|b n
|2 rdamedia
|
| 338 |
|
|
|a volume
|b nc
|2 rdacarrier
|
| 490 |
1 |
|
|a Report / University of New South Wales. Water Research Laboratory ;
|v 160
|
| 500 |
|
|
|a On cover: "Research report."
|
| 500 |
|
|
|a "September 1983."
|
| 504 |
|
|
|a Bibliography: pages 32-34.
|
| 650 |
|
0 |
|a Density currents.
|
| 650 |
|
0 |
|a Stratified flow.
|
| 650 |
|
0 |
|a Water tunnels.
|
| 710 |
2 |
|
|a University of New South Wales.
|b Water Research Laboratory.
|
| 830 |
|
0 |
|a Report (University of New South Wales. Water Research Laboratory) ;
|v no. 160.
|
| 999 |
|
|
|a MARS
|
| 999 |
f |
f |
|s 40b35ce2-3b77-3072-807f-34a901580225
|i 3f09e084-eb87-39d7-a6c9-f85b6147bc6f
|t 0
|
| 952 |
f |
f |
|p ric
|a Texas A&M University
|b Rellis Campus
|c Joint Library Facility
|s JLF
|d Remote Storage
|t 0
|e GB653 .R46 no. 160
|h Library of Congress classification
|i unmediated -- volume
|m A14829451974
|
| 998 |
f |
f |
|a GB653 .R46 no. 160
|t 0
|l Remote Storage
|